=LDR 00000nam 2200000 4500 =001 NUTBA000000000003445 =005 20140819113351.0 =006 =007 =008 =020 ##$$a 978-979-24-1636-7 =035 ##$$0010-081400000000290 =040 ##$$a NBPDMAT =082 ##$$a R.510.3 =090 ##$$a R.510.3 $b And e =100 ##$$a Andini Septiasari =245 ##$$a Ensiklopedia matematika ( k - Q ) / $c penyusun Andini Septiasari =250 ##$$a Cet.1 =260 ##$$a Bandung : $b Indah Jaya Adi Pratama, $c 2011 =300 ##$$a 64 hlm. : $b ilus. ; $c 24 cm. =500 ##$$a Bibliografi : hlm. 63 - 64 =650 ##$$a Matematika - Ensiklopedia =850 ##$$a NBPDMAT =990 ##$$a 21406732 =990 ##$$a 2090101298/BPAP-NTB/2015 =990 ##$$a 2090101300/BPAP-NTB/2015